[Event "Minsk"]
[Site "Minsk"]
[Date "1993.??.??"]
[Round "?"]
[White "Zaitsev, Igor A"]
[Black "Gipslis, Aivars P"]
[Result "1/2-1/2"]
[WhiteElo "2450"]
[BlackElo "2490"]
[Annotator "Blatny,P"]
[PlyCount "81"]
[EventDate "1993.03.??"]
[EventType "tourn"]
[EventRounds "11"]
[EventCountry "BLR"]
[EventCategory "9"]
[SourceTitle "CBM 036"]
[Source "ChessBase"]
[SourceDate "1993.10.01"]
[SourceVersion "1"]
[SourceVersionDate "1993.10.01"]
[SourceQuality "1"]

1. e4 d5 2. exd5 Nf6 3. d4 Nxd5 4. c4 (4. Nf3 g6 5. Bc4 Bg7 6. O-O O-O 7. Re1
Nb6 8. Bb3 c5 $5 $146 9. c3 cxd4 10. Nxd4 e5 11. Nb5 Bd7 12. a4 Na6 13. Be3 Qe7
$10 {(Rotstein-Maljutin,Minsk 1993)}) 4... Nb6 5. Nf3 (5. Nc3 e5 6. Nf3 exd4
$146 7. Nxd4 Be7 8. Be2 O-O 9. O-O Bd7 10. Be3 Na6 11. Qc2 Nb4 12. Qb1 Bg5 $15
{(Zaitsev-Maljutin,Minsk 1993)}) 5... Bg4 (5... g6 6. h3 Bg7 7. Nc3 O-O 8. Be3
Nc6 9. Qd2 e5 10. d5 Ne7 11. Bh6 $146 Bxh6 12. Qxh6 Nf5 13. Qg5 Nd4 $1 14. Qxd8
Nxf3+ 15. gxf3 Rxd8 $15 {(Suetin-Maljutin,Minsk 1993)}) 6. Nbd2 $5 (6. Be2 Nc6
(6... e6 7. O-O Nc6 8. Nc3 (8. Be3 $5) 8... Be7 $5 (8... Bxf3 9. Bxf3 Nxc4 10.
Bxc6+ bxc6 11. Qa4 $14) 9. d5 exd5 10. cxd5 Nb4 11. Qd4 $1 Bxf3 12. Bxf3 (12.
Qxg7 Bf6 13. Bb5+ c6 14. Re1+ Kd7 15. Qxf7+ Kc8 $13) 12... O-O (12... Nc2 $2
13. Qxg7 Bf6 $8 14. Qh6 $1 Nxa1 15. Re1+ Be7 16. Bg5 Nc2 (16... Nc8 17. Ne4 $1
$18) 17. Rxe7+ Qxe7 18. Bxe7 Kxe7 19. Qc1 Nb4 20. Qe3+ $18) 13. Qe4 $14 {
Jansa,V-Gipslis,A/Ostrava/1992/}) 7. d5 Bxf3 8. gxf3 Ne5 9. f4 Ned7 10. Nc3 Nf6
11. Be3 g6 $5 (11... e6 $2 12. dxe6 Qxd1+ $6 13. Rxd1 fxe6 14. Nb5 Bb4+ 15. Kf1
Rc8 16. Nxa7 $16) (11... c6 12. O-O g6 13. a4 $1 {/\a5+/-}) 12. Qc2 (12. Qb3 $5
Bg7 13. Rd1 Qc8 14. c5 Nbd7 15. O-O O-O 16. Rfe1 $14) 12... c6 13. dxc6 bxc6
14. Rd1 Qc7 15. f5 Bg7 16. b3 Nbd7 $13 {Kirilovs,V-Gipslis,A/Katowice/1993/} (
16... Nbd7 17. Bf3 Rc8 18. Kf1 O-O $132 {(Kirilov-Gipslis,Katowice 1993)})) (6.
c5 $146 N6d7 7. Bc4 e6 8. Nc3 Be7 9. h3 Bh5 10. Be3 O-O 11. g4 Bg6 12. h4 h5
13. Ng5 Nf6 $13 {(Suetin-Gipslis,Minsk 1993)}) 6... e6 7. c5 N6d7 (7... Nd5 $6
8. Qb3 $1 {/\Ne5+/-} (8. Qb3 b6 9. Ne5 Bh5 10. Bb5+ $18)) 8. Qb3 b6 (8... Qc8
9. h3 Bxf3 10. Nxf3 $16) 9. h3 Bxf3 (9... Bh5 $2 10. g4 Bg6 11. Bg2 $16 {
/^h1-a8}) 10. Nxf3 (10. Qxf3 $5 c6 11. b4 Nf6 12. Bb2 Nd5 13. b5 $13) 10... Be7
(10... bxc5 $5 11. Bg5 Qc8 (11... Be7 12. Qb7 $1) 12. O-O-O $44) 11. g3 O-O 12.
Bg2 bxc5 13. O-O (13. Ne5 $6 cxd4 $1 14. Nxf7 (14. Nxd7 Nxd7 15. Bxa8 Qxa8 $17
{/^a8-h1}) (14. Bxa8 Nxe5 15. Bg2 (15. O-O c6 $5) 15... c5 {=/+/-/+}) 14...
Rxf7 15. Bxa8 Nc5 16. Qd1 c6 17. O-O Qd5 {/\Nbd7-e5->;Rf8 ץa8}) 13... Nc6 14.
dxc5 Nxc5 (14... Rb8 $142 $10 15. Qa4 $140 $6 Nxc5 $1 16. Qxc6 $4 Rb6) 15. Qc4
$1 {פc6,/^a1-h8} (15. Qb5 Qe8 $1 16. Be3 Rb8 17. Qc4 Na5 18. Qc3 Qb5 $13)
15... Qd3 (15... Rb8 $2 16. Be3 Qd5 17. Rac1 Qxc4 18. Rxc4 Rb5 19. Bxc5 Bxc5
20. a4 Ra5 21. Rfc1 $18) (15... Qd5 $2 16. Nd2 Qd6 17. Bxc6 Qxc6 18. b4 $18)
16. Nd2 {+/=/+/-} Nd4 $8 17. Bxa8 Rxa8 18. b3 (18. Qxd3 $6 Nxd3 $44 (18... Nxd3
19. Kg2 $5)) 18... Bf6 19. Rb1 Ne2+ 20. Kg2 Nc3 21. Rb2 Qd5+ 22. Nf3 (22. Qxd5
exd5 $15) (22. Kh2 $5 Nd3 23. Rc2 Nb5 24. Ne4 $14) 22... N5e4 23. Rc2 c5 $6 (
23... Qxc4 24. bxc4 Rd8 25. Bb2 Rd6 {+/=/+/-}) 24. Bb2 $2 (24. Bd2 $142 Qxc4
25. bxc4 Rd8 26. Bxc3 Nxc3 27. Re1 $16) (24. Bd2 $1) 24... Qxc4 25. bxc4 Nxa2
26. Bxf6 (26. Re2 Nac3 27. Bxc3 Nxc3 $15) 26... Nb4 27. Rc3 $5 (27. Re2 Nxf6
28. Ra1 Kf8 29. Ra5 Nd7) 27... gxf6 $44 28. Ra3 Nd6 29. Ra5 (29. Rc1 a5) (29.
Nd2 a6 30. Ra5 Nb7 $15) 29... Nxc4 30. Rxc5 Nb6 31. Ra1 N6d5 32. Nd4 Kg7 33.
Ra4 (33. Rb5 $5 a6 34. Rb7 $36) 33... a6 34. Rb5 Nd3 35. Rb7 $4 (35. Rba5 $8
N5b4 $10) 35... Nc5 36. Nxe6+ $8 Nxe6 37. Rg4+ Kf8 38. Rh4 Kg7 $2 (38... Nc5 $6
39. Rxh7 Nxb7 40. Rh8+ Ke7 41. Rxa8 Nc5 42. Ra7+ $15 {Ph}) (38... h5 $1 39. Kf3
f5 $1 40. Rxh5 Kg7 41. Rh4 a5 $17 {_|_}) 39. Rg4+ Kf8 40. Rh4 Kg8 $2 (40... h5)
41. Rg4+ 1/2-1/2

[Event "Interzonal-16"]
[Site "Biel"]
[Date "1993.??.??"]
[Round "7"]
[White "Sveshnikov, Evgeny"]
[Black "Zarnicki, Pablo Adrian"]
[Result "1-0"]
[WhiteElo "2570"]
[BlackElo "2455"]
[Annotator "Blatny,P"]
[PlyCount "61"]
[EventDate "1993.07.16"]
[EventType "swiss"]
[EventRounds "13"]
[EventCountry "SUI"]
[SourceTitle "CBM 037"]
[Source "ChessBase"]
[SourceDate "1993.12.01"]
[SourceVersion "1"]
[SourceVersionDate "1993.12.01"]
[SourceQuality "1"]

1. e4 d5 2. exd5 Qxd5 3. Nf3 Nf6 4. d4 Bg4 (4... Bf5 5. c4 $1 $16) 5. Nc3 (5.
Be2 Nc6 $5 $13) 5... Qa5 $6 (5... Bxf3 6. Nxd5 Bxd1 7. Nxf6+ (7. Nxc7+ $2 Kd7
8. Nxa8 Bxc2 9. Nc7 (9. Bf4 Nc6 {/\ Nd5, e6, Bb4, Ra8-/+}) 9... Kxc7 10. Bf4+
e5 $1 11. Bxe5+ Kb6 $17) 7... gxf6 8. Kxd1 {/\ c3, Kc2, Be2-h5+/-}) (5... Qh5
$142 $1 6. Bf4 (6. Be2 Nc6 7. O-O O-O-O 8. h3 Bxh3 $1 $40) 6... Bxf3 7. gxf3 c6
$132) 6. h3 Bxf3 7. Qxf3 c6 (7... Nc6 8. Bb5 $16) 8. Bd2 e6 $2 (8... Nbd7 $14)
9. Ne4 Qd8 10. Nxf6+ Qxf6 (10... gxf6 11. O-O-O $16) 11. Qb3 b6 12. g3 $5 (12.
Qe3) 12... Bd6 13. Bg2 O-O (13... Qxd4 14. Bc3 $16) 14. O-O Rc8 (14... Qxd4 15.
Bc3 Qc5 16. Rad1 $44) 15. Rad1 Nd7 (15... Qxd4 $2 16. Bf4 $18) 16. c4 Rc7 17.
Bc3 Qf5 18. Rde1 Rd8 19. f4 h5 $8 20. Qd1 b5 $5 21. Kh2 $5 (21. c5 $2 Nxc5 $1
22. dxc5 Bxc5+ $19) 21... h4 $2 (21... Nf6 22. Re5 $1 $16) (21... bxc4 22. Be4
Qb5 23. a4 Qb6 24. Qxh5 $16) 22. g4 $1 $18 Bxf4+ 23. Kh1 Qf6 24. d5 e5 $8 25.
Rxf4 Qxf4 26. dxc6 $1 Qxc4 27. Qd6 Rxc6 28. Bxc6 Nf8 29. Qxd8 Qxc6+ 30. Kh2 Qf3
31. Qxh4 1-0

[Event "BUL-ch"]
[Site "Sofia"]
[Date "1996.??.??"]
[Round "2"]
[White "Spasov, Vasil"]
[Black "Panbukchian, Valentin"]
[Result "1-0"]
[WhiteElo "2575"]
[BlackElo "2375"]
[Annotator "Bulletin"]
[PlyCount "71"]
[EventDate "1996.??.??"]
[EventType "k.o."]
[EventRounds "5"]
[EventCountry "BUL"]
[SourceTitle "EXT 1999"]
[Source "ChessBase"]
[SourceDate "1998.11.16"]
[SourceVersion "1"]
[SourceVersionDate "1998.11.16"]
[SourceQuality "1"]

1. e4 d5 2. exd5 Qxd5 3. Nc3 Qd6 4. d4 Nf6 5. Nf3 a6 6. Ne5 (6. Be2 e6 7. O-O
Be7 8. Ne5 Nc6 9. Nxc6 Qxc6 10. Bf3 Qd6 {1/2-1/2 Rozentalis,Eduardas-Bronstein,
David/Reykjavik open (07) 1996} (10... Qd6 11. g3 O-O 12. Bf4 Qd8 13. Qd2 Nd5
14. Rfe1 Nxf4 15. Qxf4 Rb8 16. Rad1 {1/2-1/2 Rozentalis Eduardas-Bronstein
David I/It (open), Reykjavik (Iceland) (7) 1996})) (6. g3 Bg4 7. Bg2 Nc6 8. Bf4
(8. O-O O-O-O 9. d5 Nb4 10. h3 Bh5 11. Bf4 Qc5 12. Be3 Qa5 13. g4 Bg6 14. Qd4
b6 15. Qc4 e6 16. a3 Nbxd5 17. b4 Nxe3 18. Qb3 Qd5 {1-0 Dochev,
Dimitar-Panbukchian,Valentin/Sofia ch-BG (11) 1994}) 8... Qb4 9. O-O O-O-O 10.
a3 Qc4 11. h3 Rxd4 12. Qe2 Qxe2 13. Nxe2 Bxf3 {1/2-1/2 Badev,K-Panbukchjan,V/
semi-final ch Bg (9) 0}) 6... Nc6 7. Nxc6 Qxc6 8. d5 (8. Bf4 Bf5 9. d5 Qb6 10.
Qd2 O-O-O $2 {1-0 NINOV,NIKOLAY-PANBUKCHYAN,VALENTIN/tt ch Bg 1995} (10... e6
$142 $5 11. Na4 $140 Qb4 $1) (10... Qxb2 11. Rb1 $44)) 8... Qd6 9. Bc4 b5 10.
Bb3 Bb7 11. Bg5 O-O-O 12. Bxf6 exf6 13. O-O f5 14. Qf3 g6 15. Rad1 Bg7 16. Ne2
Qc5 17. c3 Rhe8 18. Nf4 Re4 19. Rfe1 Rde8 20. Rxe4 Rxe4 21. Bc2 Re7 22. Bb3 Bh6
23. Nd3 Qd6 24. Qh3 Bg7 25. Qxh7 Bf6 26. Qg8+ Qd8 27. Qxd8+ Kxd8 28. Nc5 Kc8
29. f4 Re2 30. Kf1 Rxb2 31. Re1 Rxb3 32. axb3 Bxd5 33. Re8+ Bd8 34. b4 c6 35.
Rh8 Kc7 36. Nxa6+ 1-0

[Event "Oberliga Bayern 9495"]
[Site "Bayern"]
[Date "1995.??.??"]
[Round "?.1"]
[White "Mischustov, Michael"]
[Black "Bocksberger, Stefan"]
[Result "1/2-1/2"]
[WhiteElo "2370"]
[BlackElo "2320"]
[Annotator "Bulletin"]
[PlyCount "112"]
[EventDate "1994.10.09"]
[EventType "team-tourn"]
[EventRounds "9"]
[EventCountry "GER"]
[SourceTitle "EXT 1999"]
[Source "ChessBase"]
[SourceDate "1998.11.16"]
[SourceVersion "1"]
[SourceVersionDate "1998.11.16"]
[SourceQuality "1"]
[WhiteTeam "Nuernberg SC NT 1873"]
[BlackTeam "Muenchen Siemens"]
[WhiteTeamCountry "GER"]
[BlackTeamCountry "GER"]

1. e4 d5 2. exd5 Qxd5 3. Nc3 Qa5 4. d4 Nf6 5. Nf3 Bf5 6. Bc4 c6 7. O-O e6 8.
Qe2 Nbd7 9. h3 Be7 10. Bf4 O-O 11. a3 Nd5 12. Bd2 Nxc3 13. Bxc3 Qc7 14. Rfe1
Rfe8 15. Rad1 Bg6 16. Bb3 Bf6 17. Qe3 a5 18. Qd2 b5 19. Ne5 Nxe5 20. dxe5 Be7
21. f4 c5 22. Qe2 c4 (22... a4 $1 $17 23. Ba2 b4) 23. Ba2 Rec8 24. Bd4 c3 25.
bxc3 Bxa3 26. Qxb5 Bxc2 27. Rd2 Rab8 28. Qe2 Bb3 29. Ra1 Bc5 30. Bxb3 Rxb3 31.
Kh2 Bxd4 32. cxd4 Qc3 33. Qe1 Ra3 34. Rxa3 Qxa3 35. Qd1 a4 36. d5 exd5 37. Rxd5
h6 38. Ra5 Qb3 39. Qxb3 (39. Qd7 $1 Qc4 (39... Rc4 $2 40. Ra8+ Kh7 41. Qf5+ g6
42. Qxf7#) 40. Rxa4 $16) 39... axb3 40. Rb5 Rc3 41. Rb8+ Kh7 42. Rb7 Kg6 43. g4
Rc2+ 44. Kg3 b2 45. f5+ Kh7 46. Kf4 Re2 47. h4 Rh2 48. h5 Rg2 49. Kf3 Rc2 50.
Ke3 Rc5 51. Kd4 Rc2 52. Kd5 Rg2 53. f6 Kg8 54. Kd6 gxf6 55. exf6 Re2 56. Kd5
Rf2 1/2-1/2

[Event "ROM-chT"]
[Site "Sovata"]
[Date "1998.??.??"]
[Round "3"]
[White "Zatonskih, Anna"]
[Black "Stefanova, Antoaneta"]
[Result "1/2-1/2"]
[WhiteElo "2340"]
[BlackElo "2480"]
[Annotator "Bulletin"]
[PlyCount "82"]
[EventDate "1998.??.??"]
[EventType "team"]
[EventRounds "5"]
[EventCountry "ROU"]
[SourceTitle "EXT 1999"]
[Source "ChessBase"]
[SourceDate "1998.11.16"]
[SourceVersion "1"]
[SourceVersionDate "1998.11.16"]
[SourceQuality "1"]

1. e4 d5 2. exd5 Qxd5 3. Nc3 Qa5 4. d4 Nf6 5. Nf3 c6 6. Bc4 Bf5 7. Qe2 e6 8.
Bd2 Bb4 9. O-O-O Nbd7 10. Nh4 Bg6 11. Kb1 O-O-O 12. a3 Bxc3 13. Bxc3 Qc7 14. f3
Nd5 15. Be1 Nf4 16. Qe3 Nb6 17. Ba2 Nbd5 18. Qd2 Nf6 19. Bg3 N6h5 20. Bf2 e5
21. Rhe1 Rhe8 22. g4 Nf6 23. Qc1 exd4 24. Bg3 d3 $1 25. Nxg6 (25. cxd3 Bxd3+
$15 26. Rxd3 $2 Nxd3 27. Bxc7 Nxc1) (25. Bxf4 dxc2+) 25... Rxe1 $138 26. Bxe1
$138 (26. Rxe1 d2) 26... dxc2+ 27. Qxc2 fxg6 28. Bg3 Rxd1+ 29. Qxd1 g5 30. h4
h6 31. hxg5 hxg5 32. Be6+ Kb8 33. Qh1 Qd8 (33... b5 $142) 34. Bf5 b6 35. Qh2
Qd1+ 36. Ka2 Qd5+ 37. Kb1 Qd1+ 38. Ka2 Qd5+ 39. Ka1 Qd1+ 40. Ka2 Qd5+ 41. Ka1
Qd1+ 1/2-1/2

[Event "Reunion IBM op"]
[Site "Reunion"]
[Date "1997.??.??"]
[Round "3"]
[White "Magem Badals, Jordi"]
[Black "Prie, Eric"]
[Result "1/2-1/2"]
[WhiteElo "2570"]
[BlackElo "2470"]
[Annotator "Bulletin"]
[PlyCount "19"]
[EventDate "1997.??.??"]
[EventType "swiss"]
[EventRounds "9"]
[EventCountry "FRA"]
[SourceTitle "EXT 1998"]
[Source "ChessBase"]
[SourceDate "1997.11.17"]
[SourceVersion "1"]
[SourceVersionDate "1997.11.17"]
[SourceQuality "1"]

1. e4 d5 2. exd5 Qxd5 3. Nc3 Qa5 4. Bc4 Nf6 5. h3 $5 c6 (5... Bf5 6. g4 Bg6 7.
f4 e6 8. Qe2) 6. d3 b5 $1 7. Bb3 Bb7 8. Bd2 (8. Nf3 Nbd7 9. Be3 e6 {/\Nc5=})
8... Qc7 9. a4 a6 10. Nf3 {[#] Après Nbd7 les Noirs ont égalisé.} 1/2-1/2

[Event "EU-chT (Men) 19th"]
[Site "Warsaw"]
[Date "2013.11.14"]
[Round "6.1"]
[White "Vachier Lagrave, Maxime"]
[Black "Papaioannou, Ioannis"]
[Result "1-0"]
[WhiteElo "2742"]
[BlackElo "2639"]
[Annotator "CB"]
[PlyCount "39"]
[EventDate "2013.11.08"]
[EventType "team-swiss"]
[EventRounds "9"]
[EventCountry "POL"]
[SourceTitle "CBM 158"]
[Source "ChessBase"]
[SourceDate "2014.01.16"]
[SourceVersion "1"]
[SourceVersionDate "2014.01.16"]
[SourceQuality "1"]
[WhiteTeam "France"]
[BlackTeam "Greece"]
[WhiteTeamCountry "FRA"]
[BlackTeamCountry "GRE"]

1. e4 d5 {Die Skandinavische Verteidigung hat Papaioannou schon öfters
gespielt.} 2. exd5 Qxd5 3. Nf3 ({Üblicher ist} 3. Nc3 {z.B.:} Qa5 (3... Qd6)
4. d4 Nf6 5. Nf3 Bf5 6. Bc4 e6 7. Bd2 c6 8. Nd5 Qd8 9. Nxf6+ Qxf6 10. Qe2 Nd7
11. O-O-O Be7 12. h3 h5 13. Rhe1 Qg6 14. Bf4 Rc8 15. d5 cxd5 16. Rxd5 Nb6 17.
Rd4 Nxc4 18. Rxc4 Rxc4 19. Qxc4 O-O $15 {0-1 (51) Howell,D (2633)-Papaioannou,
I (2600) Porto Carras 2011}) 3... Bg4 4. Be2 Nc6 5. O-O {Ein zurückhaltender
Aufbau. Weiß legt seinen Aufmarschplan noch nicht fest.} (5. Nc3 Qd7 6. h3
Bxf3 7. Bxf3 O-O-O 8. d3 Nd4 9. O-O e6 10. Be3 Ne7 11. Bxd4 Qxd4 12. Ne4 Nc6
13. Qc1 Be7 14. Rd1 f5 15. c3 Qd7 16. Ng3 g6 17. d4 Bd6 18. b4 Bxg3 19. fxg3
Qd6 20. b5 Na5 21. c4 e5 (21... Qxg3 $2 22. Qa3 b6 23. Bb7+) 22. c5 Qe7 23. Qc3
e4 24. Bxe4 fxe4 25. Qxa5 Kb8 26. Qc3 $14 {1-0 (74) Vachier Lagrave,M (2721)
-Tiviakov,S (2637) Hoogeveen 2010}) (5. d4 O-O-O 6. Be3 e5 7. c4 Qa5+ 8. Bd2
Bb4 9. d5 Bxf3 10. Bxf3 Nd4 11. Nc3 Qc5 12. Be2 Nf6 13. O-O c6 14. Bg5 Qa5 15.
Bg4+ Kb8 16. Rc1 h5 17. Bh3 Ne6 18. Qe2 Nxg5 19. Qxe5+ Qc7 20. Qxg5 Bxc3 21.
bxc3 cxd5 22. Qxg7 Ng4 23. g3 dxc4 24. Rb1 Ne5 25. Bg2 Nc6 26. Qf6 Rc8 27. Rb5
Rhe8 28. Rfb1 b6 29. h4 Re6 30. Qf3 Qe7 31. Rxh5 Rf6 32. Rf5 {1-0 (32)
Movsesian,S (2651)-Papaioannou,I (2587) Bled 2002}) 5... O-O-O 6. h3 Bxf3 (6...
Bh5 7. d3 e6 8. Be3 Nf6 9. Nbd2 Rg8 10. d4 g5 11. g4 Bg6 12. c4 Qd7 13. Bxg5
Be7 14. Be3 h5 15. Ne5 Nxe5 16. dxe5 Nh7 17. Qb3 Ng5 18. Kg2 Qc6+ 19. f3 Nxh3
20. Kxh3 hxg4+ 21. Kh2 Rg7 22. Rg1 Rh8+ 23. Kg3 gxf3 24. Bxf3 Bd3+ 25. Kf4 Rh4+
26. Rg4 Rhxg4+ 27. Bxg4 Bg5+ 28. Kg3 Bf5 29. Rg1 Bxe3 30. Qxe3 Rxg4+ 31. Kf2
Rxg1 32. Kxg1 b6 33. b3 a5 34. a3 Kb7 35. b4 axb4 36. axb4 Qa4 37. Qc3 Qc2 38.
Qxc2 Bxc2 39. Kf2 Kc8 40. Ke3 Kd7 41. Kd4 Ke7 42. c5 bxc5+ {1/2-1/2 (42) Palac,
M (2553)-Prie,E (2489) France 2009}) (6... Bf5 {kam auch schon vor.}) ({Auch} 
6... h5 {wurde schon gespielt:} 7. Nc3 Qf5 (7... Qd6 8. d3 Nf6 9. Ng5 Bxe2 10.
Nxe2 (10. Qxe2 $18 {0-1 (55) Cassettari,C-De Prado Rodriguez,O (2195) ICC INT
2009}) 10... Qd5 11. Nc3 $18) 8. d3 $14 (8. hxg4 hxg4 9. Nh2 Qg6 (9... Qh7 $2
10. Bxg4+ Kb8 11. Bh3 $18) 10. Bxg4+ f5 11. Bxf5+ Qxf5 12. Qg4 Nh6 13. Qxf5+
Nxf5 $11)) 7. Bxf3 Qd7 8. c3 e5 (8... Ne5 9. d4 Nxf3+ 10. Qxf3 Nf6 11. Nd2 Qd5
12. Qe2 e6 13. Nf3 Bd6 14. Re1 Qh5 15. c4 c6 16. Qe3 Nd7 17. Bd2 Rhg8 18. b4 g5
19. Nxg5 Bc7 20. Kf1 Rg7 21. Ne4 Rdg8 22. g4 Qh4 23. Qh6 Qd8 24. Bf4 f5 25.
gxf5 exf5 26. Bxc7 Rg1+ 27. Ke2 Rxe1+ 28. Rxe1 Qe7 29. Kf1 fxe4 30. Bg3 Qf7 31.
Qd6 Rxg3 32. Qxg3 Qxc4+ 33. Kg2 Nf6 34. Qd6 Qf7 35. b5 Qg6+ 36. Kf1 Qf5 37. Kg1
Qg5+ 38. Kh2 Qf5 39. Re2 Qxb5 40. Qe6+ Kc7 41. Qe5+ Kd7 42. Re3 Qxe5+ 43. dxe5
Nd5 44. Rxe4 b5 45. Rh4 c5 46. Rxh7+ Ke6 47. Rxa7 c4 48. h4 c3 49. Ra6+ Kxe5
50. h5 b4 51. h6 c2 52. h7 c1=Q 53. h8=Q+ Ke4 54. Re6+ Kd3 55. Qh7+ Kd4 56.
Qg7+ Kd3 57. Qg3+ Kd4 58. Qe5+ Kc5 59. Rd6 Qd2 60. Rxd5+ Qxd5 61. Qxd5+ Kxd5
62. Kg3 Kd4 63. f4 {1-0 (63) Short,N (2690)-Salov,V (2665) Dos Hermanas 1997})
9. Re1 Nf6 {Der erste neue Zug.} (9... Bd6 10. Qa4 Kb8 11. Bxc6 Qxc6 12. Qxc6
bxc6 13. d3 f6 14. Be3 Ne7 15. Nd2 Nd5 16. Nb3 Nxe3 17. fxe3 Kb7 18. Na5+ Kb6
19. Nc4+ Kb7 20. b4 c5 21. b5 f5 22. e4 f4 23. Rab1 g5 24. Na5+ Kb6 25. Nc4+
Kb7 26. Kf2 g4 27. Rh1 Rhg8 28. h4 Rg6 29. Rb3 Ra8 30. Ra3 c6 31. bxc6+ Kxc6
32. Ra6+ Kc7 33. h5 Rh6 34. Rb1 Re6 35. Rb5 Rf6 36. a4 h6 37. Ke2 Re6 38. Na5
Rf6 39. Rb7+ Kc8 40. Rc6+ Kd8 41. Rg7 f3+ 42. gxf3 gxf3+ 43. Kf1 Rb8 44. Nb7+ {
1-0 (44) Leventic,I (2444)-Buric,P (2098) Osijek 2013}) 10. b4 Bd6 11. d3 Qf5 (
11... e4 $5 12. dxe4 Qe6 13. Qc2 Kb8 14. b5 Ne5 15. Be2 g5 $11 {ist ein
Houdini-Vorschlag. Schwarz hat die Diagonale nach b7 geschlossen und selber
aktives Spiel bekommen.}) 12. Qa4 (12. Bxc6 bxc6 13. Be3 e4 14. d4 Nd5 15. Qa4
Rhe8 16. Qxc6 Re6 {mit Gegenspiel.}) 12... Qxd3 ({Besser war} 12... e4 13. dxe4
Rhe8) 13. b5 ({Nach} 13. Bxc6 bxc6 14. Qxc6 Nd5 {und Weiß hat Schwierigkeiten
mit der Entwicklung seiner Figuren.}) 13... Nb8 14. Be3 Qf5 ({Besser war noch} 
14... a6) 15. Nd2 $18 ({Nach sofort} 15. Qxa7 {käme} e4) 15... Bc5 16. Ne4 ({
Möglich war auch} 16. Bxc5 Rxd2 17. Qxa7 e4 18. Rxe4 Nxe4 19. Bg4 $18) 16...
Bxe3 17. Rxe3 h5 18. Qxa7 Nd5 19. Nc5 Nxe3 20. Qxb7# 1-0

[Event "Las Palmas op"]
[Site "Las Palmas"]
[Date "2005.12.02"]
[Round "9"]
[White "Spraggett, Kevin"]
[Black "Kurajica, Bojan"]
[Result "1/2-1/2"]
[WhiteElo "2585"]
[BlackElo "2532"]
[Annotator "CB"]
[PlyCount "43"]
[EventDate "2005.11.25"]
[EventType "swiss"]
[EventRounds "9"]
[EventCountry "ESP"]
[SourceTitle "CBM 109 Extra"]
[Source "ChessBase"]
[SourceDate "2006.01.03"]
[SourceVersion "2"]
[SourceVersionDate "2006.01.03"]
[SourceQuality "1"]

1. e4 d5 2. exd5 Qxd5 3. Nf3 (3. Nc3 Qd6 4. d4 Nf6 5. Nf3 a6) 3... Qa5 {
esta idea es prevenir d4. esta idea es prevenir d4.} 4. b3 $5 Bg4 5. Bb2 e6 6.
Be2 Nf6 7. Ne5 Bxe2 8. Qxe2 Nbd7 9. f4 {parece que las blancas tienen ventaja.}
Bc5 10. a3 Qb6 11. d4 $1 {esta jugada no la consideré.} Be7 (11... Bxd4 12. Nc4
Qc5 13. c3 Bg1 14. b4 Bf2+ 15. Kf1 {ganando pieza, sin más}) 12. Nd2 O-O 13.
Ndc4 Qa6 14. O-O Rad8 15. a4 (15. Rf3 $5) 15... Nb6 16. f5 {Diagrama #} Nxc4
17. Nxc4 Nd5 18. fxe6 Qxe6 19. Qxe6 fxe6 {a pesar de la mala estructura de las
negras, éstas tienen suficientes recursos defensivos} 20. Rxf8+ Bxf8 21. Na5
Rb8 $8 22. Kf2 (22. c4 Bb4 23. cxd5 exd5 24. Nc4 dxc4 25. bxc4 {con final
igualado, por eso ofreció tablas. (Comentarios del GM Bojan Kurajica)}) 1/2-1/2

[Event "Corus-C"]
[Site "Wijk aan Zee"]
[Date "2009.01.17"]
[Round "1"]
[White "Howell, David"]
[Black "Bosboom, Manuel"]
[Result "0-1"]
[WhiteElo "2622"]
[BlackElo "2418"]
[Annotator "CB"]
[PlyCount "70"]
[EventDate "2009.01.17"]
[EventType "tourn"]
[EventRounds "13"]
[EventCountry "NED"]
[EventCategory "11"]
[SourceTitle "CBM 129"]
[Source "ChessBase"]
[SourceDate "2009.03.25"]
[SourceVersion "1"]
[SourceVersionDate "2009.03.25"]
[SourceQuality "1"]

1. e4 d5 2. exd5 Qxd5 3. Nc3 Qd6 {Already a typical Bosboom choice. Rattling
out 20 moves of theory is not manuel's style, and he prefers to have his
opponents thinking from as early a stage as does Nigel Short.} 4. d4 Nf6 5. Bd3
a6 6. Nge2 Bg4 7. f3 Bh5 8. Bf4 Qb6 (8... Qd7 9. d5 Bg6 10. Qd2 Bxd3 11. Qxd3
g6 12. O-O-O Bg7 13. Qc4 c6 14. d6 {left White virtualy winning in
Kasparov-Rogers, Rapid 2001}) 9. g4 Bg6 10. g5 Nh5 11. Be3 e6 12. Ne4 $5 (12.
Qd2 {looks more natural.}) 12... Nc6 13. Qd2 Nb4 14. Bc4 Qc6 15. Bb3 a5 16. a3
Nd5 17. Bf2 a4 18. Ba2 Nb6 19. Qd3 Be7 20. h4 h6 21. Rg1 $6 ({White's position
is already feeling a little over-stretched, and after this, this detriorate
further. Probably} 21. Be3 {was better.}) 21... hxg5 22. hxg5 Ra5 23. O-O-O
Rxg5 24. Rh1 Rg2 25. Be3 Rh7 $5 {A typical creative Bosboom move. The computer
also likes it, but I am not sure many other human players would have played
such a move.} 26. Rdg1 Rxg1+ 27. Rxg1 Bf5 28. c4 Nf6 29. N2c3 Rh3 30. Qf1 Kf8
31. Ng5 $2 (31. Ng3 {keeps the position unclear.}) 31... Rh2 32. Bd2 Qd7 {
Suddenly White's d4-pawn is dropping, and his position with it.} 33. Rh1 Rxd2
$1 {Decisive.} 34. Rh8+ ({Or} 34. Kxd2 Qxd4+ 35. Ke1 Qe3+ 36. Qe2 Qxg5 {
winning.}) 34... Ng8 35. Bb1 Bxg5 {Typical Bosboom - whatever the objective
merots of his position, he manages to keep enough complications alive to
bamboozle even so strong an opponent as Howell.} 0-1

[Event "Sharjah FIDE GP (Women)"]
[Site "Sharjah"]
[Date "2014.09.06"]
[Round "11"]
[White "Muminova, Nafisa"]
[Black "Zhao, Xue"]
[Result "0-1"]
[WhiteElo "2315"]
[BlackElo "2508"]
[Annotator "CB"]
[PlyCount "118"]
[EventDate "2014.08.25"]
[EventType "tourn"]
[EventRounds "11"]
[EventCountry "UAE"]
[EventCategory "10"]
[SourceTitle "CBM 162"]
[Source "ChessBase"]
[SourceDate "2014.09.17"]
[SourceVersion "1"]
[SourceVersionDate "2014.09.17"]
[SourceQuality "1"]

{Muminova obtained a clear advantage from the opening as it seemed as if Zhao
Xue was simply making random moves. With advantages on both sides of the board,
Muminova only focused on the queenside and it gave her opponent enough time to
consolidate. White's passed pawn in the endgame was blockaded and not strong
or dangerous at all, while her light-squared bishop was not good. Faster than
it should have happened, the Uzbek player collapsed in the endgame.} 1. e4 d5
2. exd5 Qxd5 3. Nc3 Qd6 4. d4 Nf6 5. Nf3 g6 6. Nb5 Qb6 7. c4 c6 8. Nc3 Bg7 9.
Be2 O-O 10. O-O Bg4 11. b3 Rd8 12. Be3 Nbd7 13. Qc1 Nf8 14. Rd1 Ne8 15. h3 Bxf3
16. Bxf3 Qa5 17. Rb1 Nd6 18. g4 e5 19. d5 c5 20. Ne4 f5 21. Nxd6 Rxd6 22. a3
Qc7 23. b4 b6 24. bxc5 bxc5 25. Rb5 Nd7 26. Qb1 e4 27. Be2 Be5 28. Bg5 Rb6 29.
Kh1 Bd4 30. gxf5 gxf5 31. Rg1 Kh8 32. Be3 Qe5 33. Rxb6 Nxb6 34. Bh6 Qe7 35. Qf1
Rg8 36. Rxg8+ Kxg8 37. Qg2+ Kh8 38. Bf4 Nd7 39. Kg1 Be5 40. Qg5 Qg7 41. Qxg7+
Kxg7 42. Bg5 Kg6 43. Bd8 Bd6 44. a4 Ne5 45. Kf1 f4 46. Ke1 f3 47. Bf1 Kf5 48.
Ba5 Ng6 49. Kd1 h5 50. Bd2 Nf4 51. Be3 (51. Bxf4 Kxf4 52. Kd2 Be7 53. Kd1 Bh4
$18) 51... Kg5 52. Kc2 Kh4 53. Bxf4 Bxf4 54. Kc3 Kg5 55. Kc2 h4 56. Kc3 Kf6 57.
Kc2 Be5 58. Kd2 Bd4 59. Ke1 Ke5 0-1